000
00298nam a22001337a 4500
008
170912b xxu||||| |||| 00| 0 eng d
020
_a
9780534997236
041
_a
eng
080
_2
7TH
_a
53
100
_a
43
101
_a
FIZ
245
_a
SERWAY'S COLLEGE PHYSICS
_c
FAUGHN,J.S
942
_2
udc
_c
BK
999
_c
27288
_d
27288